The Tipping Point (Record no. 1032004)

MARC details
000 -LEADER
fixed length control field 00288nam a2200121Ia 4500
008 - FIXED-LENGTH DATA ELEMENTS--GENERAL INFORMATION
fixed length control field 240109s9999 xx 000 0 und d
041 ## - LANGUAGE CODE
Language code of text/sound track or separate title eng
100 ## - MAIN ENTRY--PERSONAL NAME
Personal name Gladwell Malcolm
245 ## - TITLE STATEMENT
Title The Tipping Point
260 ## - PUBLICATION, DISTRIBUTION, ETC.
Name of publisher, distributor, etc. Abacus Publication London
300 ## - PHYSICAL DESCRIPTION
Extent 279
650 ## - SUBJECT ADDED ENTRY--TOPICAL TERM
Topical term or geographic name entry element Management

No items available.